Stará čistírna odpadních vod Praha-Bubeneč 1906 /

Hlavní autor: Dolejš, Michal
Další autoři: Jásek, Jaroslav, 1945-2024, Kynčl, Radko, 1949-, Sýkora, Petr, Šejnoha, Jiří, 1939-, Šenberger, Tomáš, 1950-, Wanner, Jiří, 1953-
Jazyk: Čeština
Vydáno: Praha : Továrna o.p.s., správa industriálních nemovitostí, 2016
Vydání: 1. vydání
Témata:
Fyzický popis: 104 stran, 5 nečíslovaných stran obrazových příloh : ilustrace, 1 mapa, portréty, faksimile ; 21 x 23 cm
Knihy
Uloženo v:
LEADER 02615nam a2200625 i 4500
001 nkc20162776691
003 CZ PrNK
005 20161003100026.0
007 ta
008 160208s2016 xr abcfe f 000 0 cze
015 |a cnb002776691 
020 |a 978-80-260-9446-3  |q (brožováno) 
035 |a (OCoLC)960189840 
040 |a OLA001  |b cze  |e rda 
043 |a e-xr---  |b e-xr-pg  |2 czenas 
072 7 |a 628  |x Sanitární technika. Vodárenství. Odpadové hospodářství. Světelná technika  |2 Konspekt  |9 19 
080 |a 628.2  |2 MRF 
080 |a 628.31/.35  |2 MRF 
080 |a 628.32  |2 MRF 
080 |a 904:62  |2 MRF 
080 |a (437.311)  |2 MRF 
080 |a (036)  |2 MRF 
100 1 |a Dolejš, Michal  |7 ola2016926892  |4 aut 
245 1 0 |a Stará čistírna odpadních vod Praha-Bubeneč 1906 /  |c texty Michal Dolejš, Jaroslav Jásek, Radko Kynčl, Petr Sýkora, Jiří Šejnoha, Tomáš Štenberger, Jiří Wanner 
246 3 0 |a Stará čistírna odpadních vod Praha-Bubeneč 1906 
250 |a 1. vydání 
264 1 |a Praha :  |b Továrna o.p.s., správa industriálních nemovitostí,  |c 2016 
300 |a 104 stran, 5 nečíslovaných stran obrazových příloh :  |b ilustrace, 1 mapa, portréty, faksimile ;  |c 21 x 23 cm 
336 |a text  |b txt  |2 rdacontent 
336 |a statický obraz  |b sti  |2 rdacontent 
337 |a bez média  |b n  |2 rdamedia 
338 |a svazek  |b nc  |2 rdacarrier 
650 0 7 |a stokování  |7 ph126110  |z Česko  |2 czenas 
650 0 7 |a čištění odpadních vod  |7 ph128183  |z Česko  |2 czenas 
650 0 7 |a čistírny odpadních vod  |7 ph116874  |z Česko  |2 czenas 
650 0 7 |a technické památky  |7 ph126474  |z Česko  |2 czenas 
650 0 9 |a sewerage  |z Czechia  |2 eczenas 
650 0 9 |a sewage purification  |z Czechia  |2 eczenas 
650 0 9 |a sewage disposal plants  |z Czechia  |2 eczenas 
650 0 9 |a technical antiquities  |z Czechia  |2 eczenas 
651 7 |a Bubeneč (Praha, Česko)  |7 ge128418  |2 czenas 
651 9 |a Bubeneč (Prague, Czechia)  |2 eczenas 
655 7 |a informační publikace  |7 fd132454  |2 czenas 
655 9 |a information publications  |2 eczenas 
700 1 |a Jásek, Jaroslav,  |d 1945-2024  |7 jn20000401273  |4 aut 
700 1 |a Kynčl, Radko,  |d 1949-  |7 xx0002836  |4 aut 
700 1 |a Sýkora, Petr  |7 jo2012703623  |4 aut 
700 1 |a Šejnoha, Jiří,  |d 1939-  |7 jk01122723  |4 aut 
700 1 |a Šenberger, Tomáš,  |d 1950-  |7 jn20010309147  |4 aut 
700 1 |a Wanner, Jiří,  |d 1953-  |7 jn20000402672  |4 aut 
910 2 |a BOA001  |b 2-1373.609 
990 |a BK 
995 |a 01 
991 |b 201609  |c NOV 
996 6 |b 2610682676  |c 2-1373.609  |l MZK  |r Sklad / do 1 hodiny  |n 0  |p p.v.  |w 001579529  |u 000010  |a 1  |e BOA001  |j MZK50  |s P